000
00198nam a22000857a 4500
999
_c
23737
_d
23737
005
20250212123126.0
008
250212b ||||| |||| 00| 0 eng d
040
_c
sk
245
_a
Hovoria o nich pramene II